| 000 | 01012nam a22002537a 4500 | ||
|---|---|---|---|
| 005 | 20170124103044.0 | ||
| 010 | _aB-068724 | ||
| 020 |
_c200.00 _a8187774037 |
||
| 035 | _aB-068724 | ||
| 037 | _bCen Lib/Ret | ||
| 040 |
_aDPL _bHN |
||
| 082 |
_aउ _bगुप्तवी |
||
| 100 |
_aगुप्त, वीरेन्द्र कुमार _948393 |
||
| 245 |
_aविजेता / _cवीरेन्द्र कुमार गुप्त |
||
| 246 |
_aVijeta / _bby Veerendra Kumar Gupta |
||
| 260 |
_aनई दिल्ली _bनीलकंठ प्रकाशन _c2002 |
||
| 270 |
_a1/1079-ई, महरौली _bनई दिल्ली _e110030 |
||
| 300 |
_a189पृ. _c20सेमी(सजिल्द) |
||
| 650 |
_aहिन्दी साहित्य _968206 |
||
| 650 |
_aहिन्दी -- उपन्यास _968207 |
||
| 650 |
_aHindi literature _968208 |
||
| 650 |
_aHindi -- Fiction _927248 |
||
| 942 |
_2ddc _cHN _hउ _mगुप्तवी |
||
| 999 |
_c116765 _d116765 |
||